| 000 | 00707nam a2200229 a 4500 | ||
|---|---|---|---|
| 001 | BRL_858 | ||
| 005 | 20190320210928.0 | ||
| 008 | 181013s1945----mx-a######---#000-0#spa-# | ||
| 041 | _aspa | ||
| 044 | _amx | ||
| 050 | 4 |
_aPQ7297 _b.R66 1945 |
|
| 100 | 1 |
_aRomero, José Ruben _d1890-1952 _925153 |
|
| 245 | 1 | 0 |
_aAlguna cosillas de Pito Pérez que se me quedaron en el tintero _cJosé Ruben Romero ; viñetas de Oscar Frías. |
| 260 |
_aMéxico _b[Pablo y Enrique González-Casanova] _c1945 |
||
| 300 |
_a46 p. _bil. _c21 cm. |
||
| 440 | 0 |
_aColección Lunes _v7 _925154 |
|
| 500 | _aAu959 | ||
| 650 | 1 | 4 |
_anovela mexicana _ySiglo XX _923904 |
| 700 | 1 |
_aFrías, Oscar _925155 |
|
| 902 | _aGRL | ||
| 942 |
_2lcc _cB |
||
| 999 |
_c9670 _d9670 |
||